Iskusstvo diplomatii

Uložené v:
Podrobná bibliografia
Hlavný autor: Alexejev, Ivan Stepanovič
Médium: Kniha
Jazyk:Russian
Vydavateľské údaje: Moskva Izdateľstvo-torgovaja korporacija "Daškov i K" 2007
Predmet:
Tagy: Pridať tag
Žiadne tagy, Buďte prvý, kto otaguje tento záznam!

MARC

LEADER 00000nam$a2200000$$$4500
001 0054598
005 20240314093023.3
020 |a 5-91131-130-5 
041 0 |a rus 
044 |a RU 
245 1 0 |a Iskusstvo diplomatii  |c I. S. Alexejev 
264 1 |a Moskva  |b Izdateľstvo-torgovaja korporacija "Daškov i K"  |c 2007 
300 |a 283 s. 
610 2 0 |a diplomacia 
610 2 0 |a diplomati 
610 2 0 |a história 
610 2 0 |a vývoj spoločenský 
610 2 0 |a konflikty 
610 2 0 |a konflikty medzinárodné 
610 2 0 |a náboženstvo 
610 2 0 |a spolužitie mierové 
610 2 0 |a vyjednávanie 
610 2 0 |a etiketa 
610 2 0 |a správanie 
610 2 0 |a organizácie medzinárodné 
610 2 0 |a dohody medzinárodné 
100 1 |a Alexejev, Ivan Stepanovič